MAASAI MARA UNIVERSITY

LIBRARY CATALOGUE

Contact Us: +254 020 2685356/7 or 0774 057787

Box: 861-20500, NAROK, KENYA

Email: info@mmarau.ac.ke

Deitel P.J. (Record no. 237)

MARC details
000 -LEADER
fixed length control field 00452nam a2200157Ia 4500
008 - FIXED-LENGTH DATA ELEMENTS--GENERAL INFORMATION
fixed length control field 151015s9999 xx 000 0 und d
020 ## - INTERNATIONAL STANDARD BOOK NUMBER
International Standard Book Number 9.7801370118e+011
050 ## - LIBRARY OF CONGRESS CALL NUMBER
Classification number QA76.73.C153D447 2008
245 ## - TITLE STATEMENT
Title Deitel P.J.
250 ## - EDITION STATEMENT
Edition statement _Visual C#2008 How to program P.J.Deitel
260 ## - PUBLICATION, DISTRIBUTION, ETC. (IMPRINT)
Place of publication, distribution, etc. 3rd ed.
300 ## - PHYSICAL DESCRIPTION
Extent New jersey Pearson Education Ltd 2009
500 ## - GENERAL NOTE
General note Includes index.
650 ## - SUBJECT ADDED ENTRY--TOPICAL TERM
Topical term or geographic name as entry element _How to program
700 ## - ADDED ENTRY--PERSONAL NAME
Personal name ^d20101208 04:48:28^oanne

No items available.

© 2016 Maasai Mara University.